| 000 | nam a22 7a 4500 | ||
|---|---|---|---|
| 999 |
_c15233 _d15233 |
||
| 005 | 20200318153629.0 | ||
| 008 | 200318b xxu||||| |||| 00| 0 eng d | ||
| 040 | _cSFHE | ||
| 082 | _aPS3569.E648L68 | ||
| 245 |
_aThe Mango Orchard _btravelling back to the secret heart of mexico _cRobin Bayley |
||
| 260 |
_aLondon _bPreface _c2010 |
||
| 300 | _a277,p. | ||
| 942 |
_2lcc _cOS _hPS3569.E64 L68 |
||